000 00420nam a2200169Ia 4500
008 131103s9999 xx 000 0 und d
040 _aLoreto College
041 _aEnglish
082 _aF/KUN
_bLCLIB/37776
100 _aKundera,Milan
245 4 _aThe Joke
_cMilan Kundera
260 _aCalcutta
_bRupa & Co.
_c1967
300 _a316 p.
_c 20 cm.
650 _aFiction in English
850 _aLCLIB
942 _cBK
999 _c16690
_d67169